书目信息 |
| 题名: |
宋辽金史论稿
|
|
| 作者: | 杨果 著 | |
| 分册: | ||
| 出版信息: | 北京 商务印书馆 2010.08 |
|
| 页数: | 439页 | |
| 开本: | 23cm | |
| 丛书名: | 珞珈史学文库 | |
| 单 册: | ||
| 中图分类: | K244.07 | |
| 科图分类: | ||
| 主题词: | 辽宋金元时代--古代史--研究 , 辽宋金元时代 , 古代史 | |
| 电子资源: | ||
| ISBN: | 978-7-100-07004-1 | |
| 000 | 01011oam2 2200289 450 | |
| 001 | 010030021967 | |
| 005 | 20120619161408.81 | |
| 010 | @a978-7-100-07004-1@dCNY48.00 | |
| 100 | @a20100817d2010 em y0chiy0110 ea | |
| 101 | 0 | @achi |
| 102 | @aCN@b110000 | |
| 105 | @ak z 000yy | |
| 106 | @ar | |
| 200 | 1 | @a宋辽金史论稿@9song liao jin shi lun gao@f杨果著 |
| 210 | @a北京@c商务印书馆@d2010.08 | |
| 215 | @a439页@d23cm | |
| 225 | 2 | @a珞珈史学文库@v6 |
| 300 | @a“211工程”三期建设项目“新资料整理与中国古代文明进程研究”成果 武汉大学基础学科振兴行动计划资助出版 | |
| 330 | @a本书分为宋辽金官制与政治研究、宋代地理与长江流域开发研究、宋金女性史研究、宋代人物研究四个部分。主要内容包括:论北宋的冗官与积弱积贫的关系;简论唐代的翰林学士等。 | |
| 461 | 0 | @12001 @a珞珈史学文库@v6 |
| 606 | 0 | @a辽宋金元时代@x古代史@x研究 |
| 606 | 0 | @a辽宋金元时代 |
| 606 | 0 | @a古代史 |
| 690 | @aK244.07@v4 | |
| 701 | 0 | @a杨果@9yang guo@4著 |
| 801 | 0 | @aCN@bRENTIAN@c20100817 |
| 905 | @b538374-78@dK244.07@e47@f5 | |
| 宋辽金史论稿/杨果著.-北京:商务印书馆,2010.08 |
| 439页;23cm.-(珞珈史学文库;6) |
| “211工程”三期建设项目“新资料整理与中国古代文明进程研究”成果 武汉大学基础学科振兴行动计划资助出版 |
| ISBN 978-7-100-07004-1:CNY48.00 |
| 本书分为宋辽金官制与政治研究、宋代地理与长江流域开发研究、宋金女性史研究、宋代人物研究四个部分。主要内容包括:论北宋的冗官与积弱积贫的关系;简论唐代的翰林学士等。 |
| ● |
| 相关链接 |
|
|
|
|
正题名:宋辽金史论稿
索取号:K244.07/47
 
预约/预借
| 序号 | 登录号 | 条形码 | 馆藏地/架位号 | 状态 | 备注 |
| 1 | 538374 | 205383743 | 第二样本阅览室/ [索取号:K244.07/47] | 在馆 | |
| 2 | 538375 | 205383752 | 第二借阅区/ [索取号:K244.07/47] | 在馆 | |
| 3 | 538376 | 205383761 | 第二借阅区/ [索取号:K244.07/47] | 在馆 | |
| 4 | 538377 | 205383770 | 第二借阅区/ [索取号:K244.07/47] | 在馆 | |
| 5 | 538378 | 205383789 | 密集书库-史法系/ [索取号:K244.07/47] | 在馆 |